№ 297 : Методы аналитического определения микросодержаний элементов: [сборник статей]; Ученые записки [Ленинградского государственного университета]

Bibliografske podrobnosti
Parent link:Ученые записки [Ленинградского государственного университета]: сборник статей/ Ленинградский государственный университет (ЛГУ). № 297 : Методы аналитического определения микросодержаний элементов.— , 1937-
Korporativna značnica: Ленинградский государственный университет (ЛГУ) Химический факультет
Jezik:ruščina
Izdano: 1960
Serija:Серия химических наук Вып. 19
Teme:
Format: MixedMaterials Knjiga
KOHA link:https://koha.lib.tpu.ru/cgi-bin/koha/opac-detail.pl?biblionumber=350410

MARC

LEADER 00000nam2a2200000 4500
001 350410
005 20231102010311.0
035 |a (RuTPU)RU\TPU\retro\4493 
035 |a RU\TPU\book\268323 
090 |a 350410 
100 |a 20190131d1960 k y0rusy50 ca 
101 0 |a rus 
102 |a RU 
105 |a a z 001zy 
200 0 |a № 297 : Методы аналитического определения микросодержаний элементов  |e [сборник статей] 
210 |d 1960 
215 |a 176 с.  |c ил. 
225 1 |a Серия химических наук  |v Вып. 19 
320 |a Библиогр. в конце ст. 
461 1 |0 (RuTPU)RU\TPU\book\347780  |t Ученые записки [Ленинградского государственного университета]  |o сборник статей  |f Ленинградский государственный университет (ЛГУ)  |v № 297 : Методы аналитического определения микросодержаний элементов  |d 1937-  
606 1 |a Химия  |2 stltpush  |3 (RuTPU)RU\TPU\subj\17362  |9 43035 
606 1 |a Минеральное сырье  |x Химический анализ  |2 stltpush  |3 (RuTPU)RU\TPU\subj\44043  |9 63429 
610 1 |a неорганические вещества 
610 1 |a аналитическая химия 
610 1 |a хроматография 
610 1 |a разделение 
610 1 |a методы анализа 
610 1 |a спектрометрия 
610 1 |a фотометрия 
610 1 |a колорметрия 
610 1 |a полярография 
610 1 |a амперометрия 
610 1 |a купферроновый метод 
610 1 |a экстракционное отделение 
610 1 |a титанометрия 
610 1 |a экстракция 
610 1 |a соосаждение 
610 1 |a комплексонометрическое определение 
675 |a 54  |v 3 
675 |a 553.04  |v 3 
712 0 2 |a Ленинградский государственный университет (ЛГУ)  |b Химический факультет  |c (1924-1991)  |2 stltpush  |3 (RuTPU)RU\TPU\col\77 
801 1 |a RU  |b 63413507  |c 20131211 
801 2 |a RU  |b 63413507  |c 20190208  |g RCR 
942 |c BK